| 000 | 01356cad a22002175a 4500 | ||
|---|---|---|---|
| 001 | E148160 | ||
| 008 | 090807e20090730xxk f v 000 0 eng d | ||
| 035 | _a(Sirsi) u148160 | ||
| 041 | 0 | _aeng | |
| 245 | 0 | 4 |
_aTransport for London (London Underground Limited) v Spirerose Limited (in administration) _h[electronic resource] |
| 260 | _c2009 | ||
| 520 | _a[2009] UKHL 44, 30 July 2009. Case related to whether compensation for compulsory purchase of land with potential for development should take account of the uncertainty of planning application for a development being granted, or whether it should be awarded as if the application had been approved. The Tribunal and Court of Appeal had taken the latter view, and Transport for London appealed. "Held": appeal allowed. | ||
| 590 | _aKA | ||
| 650 | 2 | 4 | _aTRANSPORT FOR LONDON (LONDON UNDERGROUND LTD) V SPIREROSE LTD (IN ADMINISTRATION) |
| 650 | 2 | 4 | _aPOINTE GOURDE QUARRYING AND TRANSPORT CO LTD V CROWN LANDS SUPERINTENDENT |
| 650 | 2 | 4 | _aLAND COMPENSATION ACT 1961 |
| 651 | 4 |
_aEngland and Wales _y1543- |
|
| 690 | _aENVIRONMENTAL AND LAND CONSULTANCY-PLANNING AND DEVELOPMENT-COMPULSORY PURCHASE AND COMPENSATION | ||
| 856 | 4 | 0 |
_uhttps://www.publications.parliament.uk/pa/ld200809/ldjudgmt/jd090730/tflvsp-1.htm _zView the judgement free of charge at www.publications.parliament.uk... |
| 942 | _n0 | ||
| 999 |
_c81739 _d81739 |
||